Statistiche per I principali paesi produttori n °8

Clicka qui per fare il quiz!

Statistiche generali

  • Questo quiz è stato fatto 45 volte
  • Il punteggio medio è 14 su 20

Statistiche sulle risposte

HintCountry% Corretto
4Cina
97%
3Cina
97%
2Cina
97%
1Stati Uniti
97%
1India
95%
5India
95%
1India
95%
5Russia
95%
2Brasile
92%
3Argentina
86%
5Indonesia
84%
3Francia
78%
2Germania
70%
4Thailandia
70%
1Polonia
68%
2Niger
59%
4Mali
16%
4Belgio
11%
5Burkina Faso
5%
3Kenya
5%

Distribuzione punteggi

Percentile per numero di risposta

Percentuale di utenti per punteggio

I tuoi punteggi nel tempo

Non hai fatto questo quiz